000 00615nam a22002297a 4500
003 UA-OsUOA
001 36550
007 ta
008 20061002b un ||||| |||| 00| 0 ukr d
100 _aОлексюк В.
090 _a101
_bО-53
942 _cBK
040 _aUA-OsUOA
_bukr
_cUA-OsUOA
_dUA-OsUOA
245 _aДо проблем доби обману мудрости.
_bЗбірка філософічних студій.
300 _a184 с.
955 _a1
041 _aukr
080 _a101
260 _aЧікаго
_c1975
650 7 _a1 Філософські науки
_2UDC
999 _c435077
_d435077